LEADER 01002nam a2200217 i 4500 001 000000028759 003 CaOOAMICUS 005 20180830125448.0 008 180830s1844 it u000 u ita u 040 $aSeMil$bita 100 1 $aSchlegel, Friedrich : von,$d<1772-1829>.$0(OLS)http://semarc/name/10322 245 10$aFilosofia dell'istoria /$cdi Federico Schlegel. 250 $a1. versione italiana / per cura della Società della Biblioteca Cattolica. 260 $aNapoli :$bTipografia di Vincenzo Manfredi,$c1844. 300 $a2 v. ;$c21 cm. 700 1 $aSocietà della Biblioteca Cattolica.$0(OLS)http://semarc/name/13134 773 0 $tBiblioteca cattolica.$dNapoli : All'Uffizio della Biblioteca Cattolica, 1841.$w()27176 774 0 $tTomo 1.$kBiblioteca cattolica$g1$w()72648 774 0 $tTomo 2.$kBiblioteca cattolica$g2$w()222091 996 $6245$aFilosofia dell'istoria$9(OLS)http://semarc/title/39041 996 $6260$aNapoli :$bTipografia di Vincenzo Manfredi$9(OLS)http://semarc/publisher/37858 LEADER 00986nam a2200241 i 4500 001 000000048865 003 CaOOAMICUS 005 20120518000000.0 008 120518s1963 it u000 u ita u 013 $a20035 040 $aSeMil$bita 245 13$aLa Morale Professionale della Suora Infermiera. 250 $a2. ed. 260 $a[S.l. :$bs.n.],$c1963$e(Pinerolo :$fScuola tip. Orfanotrofio Cottolengo,$g1963) 300 $aX, 246 p. ;$c22 cm. 500 $aContiene : Bibliografia. 650 4$aMedicina - Etica e morale.$0(OLS)http://semarc/subject/1468 650 4$aMorale professionale.$0(OLS)http://semarc/subject/5872 650 4$aInfermieri - Morale professionale.$0(OLS)http://semarc/subject/10204 850 $aSeMil 852 $aSeMil$W1$xVenegono$y1$m2E I 213$j15020$B15020$CSeMilBibl$Z2$F15020 $81 996 $6245$aLa Morale Professionale della Suora Infermiera$9(OLS)http://semarc/title/74053 996 $6260$a[S.l. :$bs.n.]$9(OLS)http://semarc/publisher/29751